Classement des nations aux Jeux africains depuis 1965 - Statistiques

Statistiques générales
  • Ce quiz a été pris 7 fois
  • Le résultat moyen est 15 sur 50
Statistiques - réponses
Rang Or Argent Bronze Total Pays % Correct
1 856 598 566 2020 Egypte
100%
3 429 394 337 1160 Afrique-du-Sud
83%
2 517 462 468 1447 Nigeria
83%
4 342 353 448 1143 Algérie
67%
8 44 83 151 278 Cameroun
50%
13 29 41 74 144 Côte d'ivoire
50%
11 54 62 80 196 Ethiopie
50%
9 55 83 116 254 Ghana
50%
6 142 152 185 479 Kenya
50%
10 57 68 97 222 Maroc
50%
7 69 78 171 318 Sénégal
50%
5 260 244 277 781 Tunisie
50%
12 35 43 71 149 Zimbabwe
50%
16 26 22 46 94 Angola
33%
17 20 20 49 89 Botswana
33%
15 21 27 54 102 Madagascar
33%
18 22 21 44 87 Ouganda
33%
33 3 5 10 18 Bénin
17%
30 6 8 12 26 Burkina Faso
17%
49 1 1 1 3 Burundi
17%
46 1 0 3 4 Cap vert
17%
39 1 3 7 11 Centrafrique
17%
21 8 15 40 63 Congo
17%
46 0 2 2 4 Djibouti
17%
29 12 7 9 28 Erythrée
17%
37 1 0 11 13 Eswatini
17%
24 8 10 32 50 Gabon
17%
35 6 5 3 14 Gambie
17%
38 2 4 6 12 Guinée
17%
42 0 1 6 7 Guinée Bissau
17%
27 9 8 18 35 Lesotho
17%
43 1 2 3 6 Liberia
17%
19 13 30 38 81 Libye
17%
45 0 1 4 5 Malawi
17%
26 9 11 22 42 Mali
17%
14 30 36 62 128 Maurice
17%
28 6 15 13 34 Mozambique
17%
22 8 19 34 61 Namibie
17%
30 7 3 16 26 Niger
17%
23 6 15 34 55 RD Congo
17%
40 2 3 5 10 Rwanda
17%
43 1 2 3 6 Sao Tomé et Principe
17%
20 9 28 35 72 Seychelles
17%
46 1 2 1 4 Sierra Leone
17%
50 1 1 0 2 Somalie
17%
35 8 2 4 14 Soudan
17%
32 4 10 10 24 Tanzanie
17%
40 1 0 9 10 Tchad
17%
33 0 4 14 18 Togo
17%
25 7 8 33 48 Zambie
17%
Aucun quiz correspondant
Distribution des résultats
% des personnes avec chaque résultat
Percentile par nombre de réponses
Votre historique - résultats
Vous n’avez pas pris ce quiz